Saṃskr̥ta-Gujarātī vinīta kośa. (Record no. 63170)

MARC details
000 -LEADER
fixed length control field 00670cam a22002411 4500
001 - CONTROL NUMBER
control field sa 65003451
003 - CONTROL NUMBER IDENTIFIER
control field DLC
005 - DATE AND TIME OF LATEST TRANSACTION
control field 20260227112123.0
008 - FIXED-LENGTH DATA ELEMENTS--GENERAL INFORMATION
fixed length control field 910918s1962 ii d 000 0 guj
010 ## - LIBRARY OF CONGRESS CONTROL NUMBER
LC control number sa 65003451
035 ## - SYSTEM CONTROL NUMBER
System control number (OCoLC)24412427
040 ## - CATALOGING SOURCE
Original cataloging agency DLC
Transcribing agency WaU
Modifying agency DLC
041 0# - LANGUAGE CODE
Language code of text/sound track or separate title gujsan
042 ## - AUTHENTICATION CODE
Authentication code premarc
050 00 - LIBRARY OF CONGRESS CALL NUMBER
Classification number PK927.G8
Item number S3
245 00 - TITLE STATEMENT
Title Saṃskr̥ta-Gujarātī vinīta kośa.
260 ## - PUBLICATION, DISTRIBUTION, ETC.
Date of publication, distribution, etc. [1962]
300 ## - PHYSICAL DESCRIPTION
Extent 16, 711 p.
Dimensions 22 cm.
410 20 - SERIES STATEMENT/ADDED ENTRY--CORPORATE NAME [OBSOLETE, CAN/MARC], [LOCAL, USA]
Corporate name or jurisdiction name as entry element Gujarat Vidyapith.
Title of a work Gūjarāta Vidyāpīṭha granthāvalī,
Volume number/sequential designation 125
500 ## - GENERAL NOTE
General note In Gujarati.
650 #0 - SUBJECT ADDED ENTRY--TOPICAL TERM
Topical term or geographic name entry element Sanskrit language
General subdivision Dictionaries
-- Gujarati.
700 1# - ADDED ENTRY--PERSONAL NAME
Personal name Patel, Gopaldas Jivabhai.

No items available.

Powered by Koha